<?xml version="1.0" encoding="UTF-8"?>
<record
    xmlns:xsi="http://www.w3.org/2001/XMLSchema-instance"
    xsi:schemaLocation="http://www.loc.gov/MARC21/slim http://www.loc.gov/standards/marcxml/schema/MARC21slim.xsd"
    xmlns="http://www.loc.gov/MARC21/slim">

  <leader>02738nam a2200469Ia 4500</leader>
  <controlfield tag="001">81</controlfield>
  <controlfield tag="008">241029s9999    xx            000 0 und d</controlfield>
  <datafield tag="041" ind1=" " ind2=" ">
    <subfield code="a">Espa&#xF1;ol</subfield>
  </datafield>
  <datafield tag="082" ind1=" " ind2=" ">
    <subfield code="a">MGE-0037</subfield>
  </datafield>
  <datafield tag="245" ind1=" " ind2="0">
    <subfield code="a">Creaci&#xF3;n e incorporaci&#xF3;n de la Fundaci&#xF3;n Nilda G. de Matos, para el desarrollo de competencias en ni&#xF1;os, ni&#xF1;as y adolescentes.</subfield>
  </datafield>
  <datafield tag="260" ind1=" " ind2=" ">
    <subfield code="a">Distrito Nacional</subfield>
  </datafield>
  <datafield tag="300" ind1=" " ind2=" ">
    <subfield code="a">44</subfield>
  </datafield>
  <datafield tag="520" ind1=" " ind2=" ">
    <subfield code="a">12</subfield>
  </datafield>
  <datafield tag="650" ind1=" " ind2=" ">
    <subfield code="a">Competencias Educativas</subfield>
  </datafield>
  <datafield tag="690" ind1=" " ind2=" ">
    <subfield code="a">Elaborado</subfield>
  </datafield>
  <datafield tag="901" ind1=" " ind2=" ">
    <subfield code="a">{"1":"Matos"}</subfield>
    <subfield code="b">{"1":"Rossina"}</subfield>
  </datafield>
  <datafield tag="902" ind1=" " ind2=" ">
    <subfield code="a">2</subfield>
  </datafield>
  <datafield tag="903" ind1=" " ind2=" ">
    <subfield code="a">{"1":"Montes de Oca","2":"Guzm&#xE1;n"}</subfield>
    <subfield code="b">{"1":"Ginia","2":"Teresa"}</subfield>
  </datafield>
  <datafield tag="904" ind1=" " ind2=" ">
    <subfield code="a">Maestr&#xED;a en</subfield>
  </datafield>
  <datafield tag="905" ind1=" " ind2=" ">
    <subfield code="a">Gesti&#xF3;n de Centros Educativos</subfield>
  </datafield>
  <datafield tag="906" ind1=" " ind2=" ">
    <subfield code="a">2</subfield>
  </datafield>
  <datafield tag="907" ind1=" " ind2=" ">
    <subfield code="a">NO APLICA</subfield>
  </datafield>
  <datafield tag="908" ind1=" " ind2=" ">
    <subfield code="a">NO APLICA</subfield>
  </datafield>
  <datafield tag="909" ind1=" " ind2=" ">
    <subfield code="a">Universidad Iberoamericana (UNIBE)</subfield>
  </datafield>
  <datafield tag="910" ind1=" " ind2=" ">
    <subfield code="a">NULL</subfield>
    <subfield code="b">NULL</subfield>
  </datafield>
  <datafield tag="911" ind1=" " ind2=" ">
    <subfield code="a">["1"]</subfield>
  </datafield>
  <datafield tag="912" ind1=" " ind2=" ">
    <subfield code="a">NO APLICA</subfield>
  </datafield>
  <datafield tag="913" ind1=" " ind2=" ">
    <subfield code="a">NULL</subfield>
  </datafield>
  <datafield tag="914" ind1=" " ind2=" ">
    <subfield code="a">01 de Agosto de 2013</subfield>
  </datafield>
  <datafield tag="915" ind1=" " ind2=" ">
    <subfield code="a">24/11/19 12:11</subfield>
  </datafield>
  <datafield tag="916" ind1=" " ind2=" ">
    <subfield code="a">NULL</subfield>
  </datafield>
  <datafield tag="917" ind1=" " ind2=" ">
    <subfield code="a">NULL</subfield>
  </datafield>
  <datafield tag="918" ind1=" " ind2=" ">
    <subfield code="a">NO APLICA</subfield>
  </datafield>
  <datafield tag="919" ind1=" " ind2=" ">
    <subfield code="a">["40","52","89","191"]</subfield>
  </datafield>
  <datafield tag="520" ind1=" " ind2=" ">
    <subfield code="a">Los principales prop&#xF3;sitos del estudio consistieron en &amp;nbsp;promover la creaci&#xF3;n e innovaci&#xF3;n en ni&#xF1;os/as y adolescentes, en la fomentaci&#xF3;n de una Educaci&#xF3;n Basada en Competencias, a trav&#xE9;s de la Fundaci&#xF3;n Nilda G. de Matos, sustentada en valores cristianos y responsabilidad social, adem&#xE1;s, desarrollar y organizar programas que sirvan de plataforma para fortalecer la participaci&#xF3;n de ni&#xF1;os/as y adolescentes en actividades productivas. El m&#xE9;todo empleado consisti&#xF3; en la investigaci&#xF3;n acci&#xF3;n, como t&#xE9;cnicas se utiliz&#xF3; la entrevista y un cuestionario, el cual fue aplicado a sesenta y dos (62) personas entre ellos: padres, madres y tutores.El estudio concluye que para la mayor&#xED;a de padres, madres y tutores entrevistados, son obvias las fallas en la aplicaci&#xF3;n del Curr&#xED;culo Dominicana, sus carencias y la implementaci&#xF3;n de una Educaci&#xF3;n Basada en Competencias. Es necesario la utilizaci&#xF3;n de las tecnolog&#xED;as en el proceso ense&#xF1;anza-aprendizaje, la cual es de suma importancia y parte de la misi&#xF3;n de la Fundaci&#xF3;n Nilda G. de Matos. Para esta organizaci&#xF3;n formar ni&#xF1;os/as y adolescentes en valores culturales, sociales y democr&#xE1;ticos, es una prioridad. Esta fundaci&#xF3;n valora la solidaridad y la diversidad.El estudio sugiere la necesidad de una reforma curricular, incorporando las competencias como base del curr&#xED;culo, ya que este promueve el aprendizaje significativo, pues desarrolla al estudiante de manera integral; tomando en cuenta todas las caracter&#xED;sticas del mismo.</subfield>
  </datafield>
  <datafield tag="921" ind1=" " ind2=" ">
    <subfield code="a">16</subfield>
  </datafield>
  <datafield tag="922" ind1=" " ind2=" ">
    <subfield code="a">16</subfield>
  </datafield>
  <datafield tag="923" ind1=" " ind2=" ">
    <subfield code="a">0</subfield>
  </datafield>
  <datafield tag="924" ind1=" " ind2=" ">
    <subfield code="a">NO APLICA</subfield>
  </datafield>
  <datafield tag="942" ind1=" " ind2=" ">
    <subfield code="c">Proyecto de Intervenci&#xF3;n</subfield>
  </datafield>
  <datafield tag="999" ind1=" " ind2=" ">
    <subfield code="c">70</subfield>
    <subfield code="d">70</subfield>
  </datafield>
</record>
